000 00699nam a2200241Ia 4500
003 OSt
005 20220923223902.0
006 a|||||r|||| 00| 0
007 ta
008 Pun
024 _a222,924
037 _cTextual
040 _aARTS
_cARTS
_bPun
041 _2Pun
_aPun
082 _aO153,1M94:g, N0
100 _aਆਤਮ ਹਮਰਾਹੀ
245 0 _aਸਾਧੂ ਦਯਾ ਸਿੰਘ ਆਰਿਫ਼
260 _aਪਟਿਆਲਾ
_b ਪਬਲੀਕੇFਨ ਬਿਊਰੋ
_c1990
300 _a132ਪੰ
_ccm.
650 _aਪੰਜਾਬੀ ਸਾਹਿਤ
942 _hO153,1M94:g, N0
_cTEXL
_2CC
999 _c368006
_d368006